|
|
|
|
| LEADER |
00000nam2a2200000 4500 |
| 001 |
129822 |
| 005 |
20231101220213.0 |
| 010 |
|
|
|a 9785902063292
|
| 035 |
|
|
|a (RuTPU)RU\TPU\book\140545
|
| 035 |
|
|
|a RU\TPU\book\140542
|
| 090 |
|
|
|a 129822
|
| 100 |
|
|
|a 20080128d2007 k y0rusy50 ca
|
| 101 |
0 |
|
|a rus
|
| 102 |
|
|
|a RU
|
| 105 |
|
|
|a a z 101zy
|
| 200 |
0 |
|
|a Т. 1
|
| 210 |
|
|
|d 2007
|
| 215 |
|
|
|a 1-666 с.
|c ил.
|
| 320 |
|
|
|a Библиография в конце докладов.
|
| 320 |
|
|
|a Авторский указатель: с. 659-665.
|
| 461 |
|
1 |
|0 (RuTPU)RU\TPU\book\138435
|t Оборудование, технологии и аналитические системы для материаловедения, микро- и наноэлектроники
|o материалы V Российско-Японского семинара, Саратов, 18-19 июня 2007 г.
|o в 2 т.
|f Московский государственный институт стали и сплавов (МИСиС) ; Саратовский государственный университет (СГУ) ; под ред. Л. В. Кожитова
|v Т. 1
|d 2007
|
| 601 |
0 |
2 |
|a Московский государственный индустриальный университет
|2 stltpush
|3 (RuTPU)RU\TPU\col\11073
|
| 601 |
0 |
2 |
|a Томский политехнический университет (ТПУ)
|z 1991-
|2 stltpush
|3 (RuTPU)RU\TPU\col\376
|
| 601 |
0 |
2 |
|a Волгоградский государственный университет
|2 stltpush
|3 (RuTPU)RU\TPU\col\1061
|9 23510
|
| 601 |
0 |
2 |
|a Владимирский государственный университет (ВлГУ)
|c (1996- )
|2 stltpush
|3 (RuTPU)RU\TPU\col\102
|
| 601 |
0 |
2 |
|a Северо-Осетинский государственный университет
|2 stltpush
|3 (RuTPU)RU\TPU\col\11915
|9 25297
|
| 601 |
0 |
2 |
|a Белгородский государственный университет
|2 stltpush
|3 (RuTPU)RU\TPU\col\5583
|
| 601 |
0 |
2 |
|a Астраханский государственный университет
|2 stltpush
|3 (RuTPU)RU\TPU\col\11916
|9 25298
|
| 601 |
0 |
2 |
|a Дагестанский государственный технический университет
|2 stltpush
|3 (RuTPU)RU\TPU\col\5161
|9 24062
|
| 601 |
0 |
2 |
|a Северо-Кавказский государственный технический университет
|2 stltpush
|3 (RuTPU)RU\TPU\col\11917
|
| 601 |
0 |
2 |
|a Пензенская государственная технологическая академия
|2 stltpush
|3 (RuTPU)RU\TPU\col\11918
|
| 601 |
0 |
2 |
|a Старооскольский Технологический институт (филиал) МИСиС
|2 stltpush
|3 (RuTPU)RU\TPU\col\11919
|
| 610 |
1 |
|
|a материаловедение
|
| 610 |
1 |
|
|a наноэлектроника
|
| 610 |
1 |
|
|a нанотрубки
|
| 610 |
1 |
|
|a алмазные покрытия
|
| 610 |
1 |
|
|a получение
|
| 610 |
1 |
|
|a японское оборудование
|
| 610 |
1 |
|
|a металлы
|
| 610 |
1 |
|
|a структура
|
| 610 |
1 |
|
|a свойства
|
| 610 |
1 |
|
|a исследование
|
| 610 |
1 |
|
|a аналитические системы
|
| 610 |
1 |
|
|a технологии
|
| 610 |
1 |
|
|a нанотехнологии
|
| 610 |
1 |
|
|a приборостроение
|
| 610 |
1 |
|
|a институты
|
| 610 |
1 |
|
|a фирмы
|
| 610 |
1 |
|
|a инновационная деятельность
|
| 610 |
1 |
|
|a конференции
|
| 675 |
|
|
|a 620.22(063)
|v 3
|
| 675 |
|
|
|a 621.382:53(063)
|v 3
|
| 801 |
|
1 |
|a RU
|b 63413507
|c 20080128
|g PSBO
|
| 801 |
|
2 |
|a RU
|b 63413507
|c 20080207
|g PSBO
|
| 942 |
|
|
|c BK
|